[Event "Doeberl Cup Minor 48th"]
[Site "Canberra"]
[Date "2010.04.05"]
[Round "7"]
[White "Wechsler, Ian B"]
[Black "Jochimsen, Erik"]
[Result "1/2-1/2"]
[WhiteElo "1415"]
[BlackElo "1164"]
[PlyCount "79"]
[EventDate "2010.04.02"]
[EventType "swiss"]
[EventRounds "7"]
[EventCountry "AUS"]
[SourceTitle "EXT 2012"]
[Source "ChessBase"]
[SourceDate "2011.11.24"]
[SourceVersion "1"]
[SourceVersionDate "2011.11.24"]
[SourceQuality "1"]

1. d4 d5 2. c4 e6 3. Nc3 c6 4. e3 Bd6 5. Nf3 Ne7 6. Bd3 Ng6 7. 0-0 0-0 8. e4 dxe4 9. Nxe4 Bc7 10. Be3 Nf4 11. Bc2 h6 12. Bxf4 Bxf4 13. Qd3 f5 14. Ng3 Bxg3 15. fxg3 Nd7 16. Rae1 Nf6 17. Ne5 Kh8 18. g4 Nd7 19. gxf5 Nxe5 20. Rxe5 Kg8 21. fxe6 Rxf1+ 22. Kxf1 Qf6+ 23. Qf5 Bxe6 24. Qxf6 Bxc4+ 25. Kf2 gxf6 26. Re7 Rb8 27. b3 Bf7 28. Kf3 Kf8 29. Re2 Rd8 30. Ke3 Re8+ 31. Kd2 Rd8 32. Kc3 Re8 33. Rxe8+ Kxe8 34. Be4 Kd7 35. g4 Be6 36. h3 Kd6 37. Kd3 Bd5 38. Bxd5 Kxd5 39. Ke3 b6 40. Kd3 1/2-1/2

[Event "Doeberl Cup Minor 48th"]
[Site "Canberra"]
[Date "2010.04.03"]
[Round "3"]
[White "Wechsler, Ian B"]
[Black "Yin, Wenlin"]
[Result "0-1"]
[WhiteElo "1415"]
[BlackElo "1212"]
[PlyCount "66"]
[EventDate "2010.04.02"]
[EventType "swiss"]
[EventRounds "7"]
[EventCountry "AUS"]
[SourceTitle "EXT 2012"]
[Source "ChessBase"]
[SourceDate "2011.11.24"]
[SourceVersion "1"]
[SourceVersionDate "2011.11.24"]
[SourceQuality "1"]

1. d4 Nf6 2. c4 e6 3. Nc3 Bb4 4. Qc2 Nc6 5. Nf3 0-0 6. Bd2 d6 7. a3 Bxc3 8. Bxc3 Qe7 9. e4 e5 10. dxe5 dxe5 11. Bd3 Bg4 12. Nd2 Rad8 13. f3 Be6 14. 0-0 Nd4 15. Bxd4 Rxd4 16. Nb3 Rd7 17. Rad1 c5 18. Be2 Rfd8 19. Rxd7 Nxd7 20. Rd1 b6 21. Nd2 Nb8 22. Nf1 Nc6 23. Rxd8+ Qxd8 24. Qd3 Nd4 25. Ne3 Qg5 26. Bf1 Nxf3+ 27. Kh1 Nd4 28. Nc2 Qc1 29. Nxd4 exd4 30. b4 h6 31. Kg1 Qc3 32. Kf2 Bxc4 33. Qxc4 Qe3# 0-1

[Event "Sydney Centenary U1600"]
[Site "Sydney"]
[Date "2009.01.08"]
[Round "8"]
[White "Wechsler, Ian B"]
[Black "Hannagan, Peter K"]
[Result "0-1"]
[WhiteElo "1589"]
[BlackElo "1471"]
[PlyCount "116"]
[EventDate "2009.01.02"]
[EventType "swiss"]
[EventRounds "11"]
[EventCountry "AUS"]
[SourceTitle "EXT 2023"]
[Source "ChessBase"]
[SourceDate "2022.10.05"]
[SourceVersion "1"]
[SourceVersionDate "2022.10.05"]
[SourceQuality "1"]

1. d4 d5 2. c4 dxc4 3. Nf3 b5 4. a4 c6 5. e3 Bf5 6. axb5 Bxb1 7. Rxb1 cxb5 8. Bd2 a6 9. Ne5 Nd7 10. Nc6 Qb6 11. Qf3 Rc8 12. d5 Ngf6 13. e4 e6 14. dxe6 Qxc6 15. exd7+ Nxd7 16. Rc1 Nf6 17. b3 Qxe4+ 18. Qxe4+ Nxe4 19. bxc4 Nxd2 20. Kxd2 b4 21. Kc2 a5 22. Kb3 Rc5 23. Bd3 Be7 24. Rhe1 Rc7 25. Re5 Ra7 26. Rce1 f6 27. Rb5 a4+ 28. Ka2 0-0 29. Rxe7 Rxe7 30. Rxb4 Rd8 31. Bb1 Re2+ 32. Ka3 Rxf2 33. Be4 Kf8 34. Bd5 Ke7 35. Rxa4 Rxd5 36. cxd5 Rxg2 37. h4 Kd6 38. Rd4 f5 39. Kb4 Rg4 40. Kc4 h6 41. h5 Ke5 42. Rxg4 fxg4 43. d6 Kxd6 44. Kd4 Ke6 45. Ke4 g3 46. Kf3 g2 47. Kxg2 Kf6 48. Kg3 Kg5 49. Kh3 Kxh5 50. Kg3 Kg5 51. Kh3 Kf4 52. Kg2 g5 53. Kh2 h5 54. Kg2 g4 55. Kh2 Kf3 56. Kh1 Kf2 57. Kh2 g3+ 58. Kh1 g2+ 0-1

[Event "Sydney Centenary U1600"]
[Site "Sydney"]
[Date "2009.01.07"]
[Round "7"]
[White "Wettstein, Carla"]
[Black "Wechsler, Ian B"]
[Result "0-1"]
[WhiteElo "1450"]
[BlackElo "1589"]
[PlyCount "90"]
[EventDate "2009.01.02"]
[EventType "swiss"]
[EventRounds "11"]
[EventCountry "AUS"]
[SourceTitle "EXT 2023"]
[Source "ChessBase"]
[SourceDate "2022.10.05"]
[SourceVersion "1"]
[SourceVersionDate "2022.10.05"]
[SourceQuality "1"]

1. c4 c5 2. Nc3 b6 3. Nf3 Bb7 4. d4 cxd4 5. Nxd4 Nc6 6. f3 Nxd4 7. Qxd4 e6 8. e4 Bc5 9. Qxg7 Qh4+ 10. g3 Qf6 11. Qxf6 Nxf6 12. Bg5 Nh5 13. g4 Ng7 14. 0-0-0 Be7 15. Bxe7 Kxe7 16. Bd3 e5 17. Rhf1 Ne6 18. Nd5+ Bxd5 19. cxd5 Rac8+ 20. Kb1 Nd4 21. f4 f6 22. g5 fxg5 23. fxe5 Rhf8 24. Ba6 Rxf1 25. Rxf1 Rf8 26. Rxf8 Kxf8 27. h3 Nf3 28. e6 dxe6 29. d6 Nd2+ 30. Kc2 Nxe4 31. d7 Ke7 32. Bd3 Nf2 33. d8Q+ Kxd8 34. Bxh7 Nxh3 35. Kd2 Ke7 36. Ke3 Kf6 37. Kf3 Nf4 38. Be4 e5 39. Bc2 Ne6 40. Kg4 Nd4 41. Bd3 Nc6 42. Be4 Nd4 43. Bd3 Ne6 44. Be4 Nc5 45. Bc6 Nd3 0-1

[Event "Sydney Centenary U1600"]
[Site "Sydney"]
[Date "2009.01.04"]
[Round "5"]
[White "McGowan, Daniel"]
[Black "Wechsler, Ian B"]
[Result "0-1"]
[WhiteElo "1350"]
[BlackElo "1589"]
[PlyCount "44"]
[EventDate "2009.01.02"]
[EventType "swiss"]
[EventRounds "11"]
[EventCountry "AUS"]
[SourceTitle "EXT 2023"]
[Source "ChessBase"]
[SourceDate "2022.10.05"]
[SourceVersion "1"]
[SourceVersionDate "2022.10.05"]
[SourceQuality "1"]

1. e4 c5 2. Nf3 d6 3. d4 cxd4 4. Nxd4 Nc6 5. Be3 Nf6 6. f3 g6 7. Nc3 Bg7 8. Qd2 0-0 9. 0-0-0 Nxd4 10. Bxd4 Be6 11. Be2 Qa5 12. a3 a6 13. g4 b5 14. h4 b4 15. Nb1 Rfc8 16. h5 Bb3 17. Bd3 Qa4 18. Rh2 bxa3 19. Nxa3 Qxd4 20. hxg6 hxg6 21. Rdh1 Nd7 22. c3 Ne5 0-1

[Event "Sydney Centenary U1600"]
[Site "Sydney"]
[Date "2009.01.04"]
[Round "4"]
[White "Wechsler, Ian B"]
[Black "Koh, Cedric"]
[Result "0-1"]
[WhiteElo "1589"]
[BlackElo "1376"]
[PlyCount "102"]
[EventDate "2009.01.02"]
[EventType "swiss"]
[EventRounds "11"]
[EventCountry "AUS"]
[SourceTitle "EXT 2023"]
[Source "ChessBase"]
[SourceDate "2022.10.05"]
[SourceVersion "1"]
[SourceVersionDate "2022.10.05"]
[SourceQuality "1"]

1. d4 Nf6 2. c4 e6 3. Nc3 Bb4 4. Qc2 0-0 5. Nf3 d5 6. Bg5 Nbd7 7. e3 b6 8. cxd5 exd5 9. Bd3 h6 10. Bh4 Bb7 11. 0-0 c5 12. Ne5 Qb8 13. Bg3 Qd8 14. Rac1 Rc8 15. Qa4 Nxe5 16. Bxe5 a5 17. Bf5 Ra8 18. Ne2 Ba6 19. Qd1 c4 20. a3 Bd6 21. Bxd6 Qxd6 22. Nc3 Rfe8 23. Re1 g6 24. Bc2 Rad8 25. Qf3 Bb7 26. Nb5 Qe7 27. Ba4 Bc6 28. Nc3 Bxa4 29. Nxa4 b5 30. Nc5 Ne4 31. Nxe4 Qxe4 32. Qh3 h5 33. f3 Qd3 34. Qh4 Rc8 35. Qf2 b4 36. Rcd1 Qb3 37. axb4 axb4 38. Ra1 Ra8 39. g4 Rxa1 40. Rxa1 Qxe3 41. Ra5 Qe1+ 42. Qxe1 Rxe1+ 43. Kf2 Rb1 44. Ra2 b3 45. Ra8+ Kg7 46. gxh5 gxh5 47. Ra5 Rxb2+ 48. Ke3 c3 49. Rxd5 c2 50. Kd2 Rb1 51. Rc5 Rd1+ 0-1